Fī al-adab al-Jāhilī /
Main Author:
Format: Book
Language: Arabic
Published:
Miṣr :
Maṭbaʻat al-Iʻtimād,
1927.
Subjects:
Tags: Add Tag
Call Number: ( RA )PJ7526 .H92 F4 1927
| LEADER | 01094namaa2200229 4500 | ||
|---|---|---|---|
| 001 | 18534 | ||
| 003 | OSt | ||
| 005 | 20240527084501.0 | ||
| 008 | 130303s1927 ua 000 0 ara d | ||
| 952 | |0 0 |1 0 |2 lcc |4 0 |7 1 |9 10480 |a ARCE |b ARCE |d 2021-02-18 |l 0 |o ( RA )PJ7526 .H92 F4 1927 |p 1033328 |r 2021-02-18 00:00:00 |w 2021-02-18 |y BK | ||
| 999 | |c 18986 |d 18986 | ||
| 040 | |c ARCE Library | ||
| 050 | 4 | |a ( RA )PJ7526 .H92 F4 1927 | |
| 100 | 1 | |6 880-01 |a Ḥusayn, Ṭāhā, |d 1889-1973, |e author | |
| 245 | 1 | 0 | |6 880-02 |a Fī al-adab al-Jāhilī / |c Ṭāhā Ḥusayn. |
| 264 | 1 | |a Miṣr : |b Maṭbaʻat al-Iʻtimād, |c 1927. | |
| 300 | |a 375 pages ; |c 25 cm. | ||
| 650 | 0 | |a Arabic literature |y To 622 |x History and criticism. | |
| 880 | 1 | |6 100-01/(3/r |a حسين، طه، |d 1889-1973. | |
| 880 | 1 | 0 | |6 245-02/(3/r |a في الأدب الجاهلي |c طه حسين. |
| 901 | |a reviewed | ||
| 942 | |c BK |2 lcc | ||
